Architecture Of A Royal Camp (Record no. 17383)

MARC details
000 -LEADER
fixed length control field 00349nam a2200145Ia 4500
008 - FIXED-LENGTH DATA ELEMENTS--GENERAL INFORMATION
fixed length control field 220803s9999 xx 000 0 und d
020 ## - INTERNATIONAL STANDARD BOOK NUMBER
International Standard Book Number 9788190852807
041 ## - LANGUAGE CODE
Language code of text/sound track or separate title eng
082 ## - DEWEY DECIMAL CLASSIFICATION NUMBER
Classification number 720.954 JAI
100 ## - MAIN ENTRY--PERSONAL NAME
Personal name Jain M
9 (RLIN) 27314
245 ## - TITLE STATEMENT
Title Architecture Of A Royal Camp
260 ## - PUBLICATION, DISTRIBUTION, ETC. (IMPRINT)
Place of publication, distribution, etc. Ahmedabad
Name of publisher, distributor, etc. AADI Centre
Date of publication, distribution, etc. 2009
300 ## - PHYSICAL DESCRIPTION
Extent 212p
500 ## - GENERAL NOTE
Keywords ARCHI
Holdings
Withdrawn status Lost status Damaged status Not for loan Collection code Home library Current library Date acquired Vendor Cost, normal purchase price Total Checkouts Full call number Barcode Date last seen Cost, replacement price Bill Date Koha item type Original Barcode
        Book of B Arch Dr. Bhanuben Nanavati College of Architecture Dr. Bhanuben Nanavati College of Architecture 07/12/2021 Word Book 1625.00   720.93 JAI BNCA-BK-11566 03/08/2022 2500.00 30/11/2021 Books B11566
          Dr. Bhanuben Nanavati College of Architecture Dr. Bhanuben Nanavati College of Architecture 12/03/2015 Ex Student     720.954 JAI BNCA-DB-1244 03/08/2022   03/08/2022 Donated Book DB001244